Statistiques concernant Citation de philosophe, de rappeur ou de footballeur ?

Cliquez ici pour prendre le quiz!

Statistiques générales

  • Ce quiz a été pris 1 543 fois
  • Le résultat moyen est 10 sur 30

Statistiques - réponses

QuestionRéponse% Correct
"Celui qui pense que la victoire ne compte pas ne gagnera jamais rien."Pelé
63%
"Les occasions de se taire et celles de parler se présentent en nombre égal, mais nous préférons souvent la fugitive satisfaction que procurent les dernières au profit durable que nous tirons des premières."Arthur Schopenhauer
59%
"Très peu d'amis te supportent même dans la misère."Lefa
54%
"Ma mère pense que je suis le meilleur, et j'ai été élevé en croyant toujours en ce que ma mère me disait."Diego Maradona
51%
"Le sport est école de vie."Aimé Jacquet
50%
"C'est parce que je suis beau, riche et bon, que je fais des envieux."Cristiano Ronaldo
49%
"Je crois que j’ai deux pieds, j’ai cette faculté depuis tout petit."Vincent Guérin
47%
"Vieillir est obligatoire, mais grandir est un choix."Youssoupha
47%
"Chaque homme cache en lui un enfant qui veut jouer."Friedrich Nietzsche
42%
"La violence est injuste d'où qu'elle vienne."Jean-Paul Sartre
40%
"Parle si tu as des mots plus forts que le silence, ou garde le silence."Euripide
39%
"Il faut agir en homme de pensée et penser en homme d'action."Henri Bergson
38%
"J'ai jamais eu de bonnes raisons de les aimer, j'écrirai pas de messages d'excuses à ces messieurs."Lomepal
38%
"Si c'est un grand plaisir d'être reconnu par ses amis, c'est peut-être encore plus flatteur d'être reconnu par ses adversaires."Jean d'Ormesson
34%
"J'ai du mal à croire la Bible, même si j'aime ses enseignements."Orelsan
34%
"Là où la volonté est grande, les difficultés diminuent."Nicolas Machiavel
30%
"La médiocrité commence là où les passions meurent."Casseurs Flowters
29%
"C'est normal d'avoir peur, pas d'être lâche."Columbine
29%
"Fais-toi comprendre et non entendre où que tu sois."Sniper
28%
"La vie est pleine de regrets, mais ça ne paie pas de regarder en arrière."Zinédine Zidane
27%
"L'argent rend les choses plus faciles bien qu'il ne rende pas plus heureux."Zlatan Ibrahimović
26%
"La patience est arbre dont la racine est amère et le fruit doux."IAM
24%
"Les belles paroles n'engagent pas seulement celles qui les reçoivent"Gringe
23%
"Je vis entre rêve et réalité."Antoine Griezmann
22%
"Le succès ne s'imite pas, il se crée."Luis Fernandez
19%
"Qui peut me prouver que la mort est un repos ?"Maître Gims
19%
"Là où il n'y a le choix qu'entre lâcheté et violence, je conseillerai la violence."Mohandas "Mahatma" Gandhi
19%
"La menace ne sert d'armes qu'aux menacés."Léonard de Vinci
18%
"Que voulez-vous que je lui apprenne ? Il ne m'aime pas."Socrate
12%
"On parle toujours mal quand on n'a rien à dire."Voltaire
12%

Distribution des résultats

Percentile par nombre de réponses

% des personnes avec chaque résultat

Votre développement - résultats

Vous n’avez pas pris ce quiz